|
|
|
|
| LEADER |
00934nam a2200277 a 4500 |
| 001 |
30875 |
| 003 |
BD-DhAAL |
| 005 |
20160203155657.0 |
| 008 |
160203t1951 bg ||||| |||| 000 0 eng d |
| 020 |
|
|
|a 0452010829
|
| 040 |
|
|
|a BD-DhAAL
|c BD-DhAAL
|
| 082 |
|
|
|2 22
|a 853.912
|
| 999 |
|
|
|c 36760
|d 36760
|
| 999 |
|
|
|c 35895
|
| 999 |
|
|
|c 35895
|
| 999 |
|
|
|c 35895
|
| 100 |
|
|
|a Pirandello, Luigi
|9 17709
|
| 245 |
|
|
|a Naked Mask:
|b five plays /
|c Luigi Pirandello, edited by Eric Bentley
|
| 260 |
|
|
|a New York :
|b A meridian book,
|c 1951
|
| 300 |
|
|
|a xxvii, 386 p. :
|b 18 cm.
|
| 526 |
|
|
|a ENH
|
| 541 |
|
|
|e 30875
|
| 600 |
|
|
|a Pirandello, Luigi, 1867-1936--Translations into English.
|9 17710
|
| 700 |
|
|
|a Bentley, Eric
|9 17711
|
| 942 |
|
|
|2 ddc
|c BK
|
| 952 |
|
|
|0 0
|1 0
|2 ddc
|4 0
|6 853_912000000000000_PIR
|7 0
|9 57846
|a BRACUL
|b BRACUL
|c GEN
|d 2016-02-03
|e R.C. Corporation
|g 4250.00
|l 1
|m 13
|o 853.912 PIR
|p 3010030875
|r 2025-11-09
|s 2017-09-16
|t 1
|w 2016-02-03
|y BK
|